Geography Quiz

Random Geography or State Quiz

Which Country's Subdivision? (A-Z) IV Quiz Stats

 Plays Quiz not verified by Sporcle

Score 0/26 Timer 06:00
0 Plays Today
Question Answer Wrong Answers
Abu Dhabi United Arab Emirates
95.7%
Bahrain
1.3%
Kuwait
1.1%
Qatar
1.9%
Wyoming United States
87.6%
Canada
1.8%
Ireland
0.6%
Jamaica
0.8%
Nova Scotia Canada
87.6%
Australia
1.7%
Russia
1.4%
United Kingdom
1.9%
Zhejiang China
81.8%
Cambodia
1.6%
South Korea
3.1%
Taiwan
3.9%
Balearic Islands Spain
75.6%
Argentina
6.7%
Philippines
6.1%
Portugal
10.2%
Conakry Guinea
66.1%
Côte d'Ivoire
12.4%
Liberia
8.7%
Sierra Leone
10.7%
Tombouctou Mali
64%
Chad
8.5%
Niger
8.3%
Mauritania
9.6%
Southland New Zealand
58.7%
Cameroon
6.5%
Papua New Guinea
11.1%
South Africa
13.9%
Konya Turkey
49.9%
Armenia
15.6%
Azerbaijan
16.5%
Iraq
9.9%
Herat Afghanistan
42.9%
Iran
30%
Pakistan
10.2%
Turkmenistan
10.1%
Ostrobothnia Finland
40%
Denmark
13.5%
Iceland
6.7%
Lithuania
31.1%
Vaitupu Tuvalu
38.1%
Micronesia
14.4%
New Zealand
11.3%
Samoa
25.8%
Xorazm Region Uzbekistan
38%
Albania
19.2%
Hungary
7.3%
Tajikistan
25.2%
Estuaire Gabon
36.9%
Burkina Faso
14.9%
Central African Republic
15.4%
France
27.8%
Granma Cuba
36.8%
Andorra
12.7%
Bahamas
26.3%
Belize
17.8%
Yobe Nigeria
34.2%
Angola
9.4%
Ghana
11.3%
Japan
34.7%
Ibb Yemen
28.2%
Egypt
17.6%
Nigeria
27.9%
Oman
18.7%
Dalarna Sweden
26.1%
Greece
27.9%
Norway
6.7%
Syria
35.4%
Udmurtia Russia
25.7%
Georgia
22.6%
Kazakhstan
19.6%
Kyrgyzstan
21.8%
Quiché Guatemala
25.3%
Ecuador
30.9%
Mexico
21.4%
Nicaragua
13.1%
Laois Ireland
25.3%
Laos
42%
Morocco
14.2%
New Zealand
10.9%
Pointe-Noire Republic of the Congo
23.1%
Democratic Republic of the Congo
19.8%
Mauritius
20.2%
Senegal
27.8%
Roi Et Thailand
22%
Myanmar
14.8%
Timor-Leste
20.3%
Vietnam
33.2%
Mitrovica Kosovo
21.6%
Bosnia and Herzegovina
34.5%
Montenegro
21.4%
Slovenia
14%
Florida Uruguay
21.4%
Bolivia
12.4%
Chile
20.4%
Venezuela
40.9%
Jambi Indonesia
20.7%
Kenya
34.2%
Luxembourg
3%
Uganda
34.2%

You're not logged in!

Compare scores with friends on all Sporcle quizzes.
OR
Log In

Sporcle TV

Today on Sporcle TV


Watch our educational content, quiz creation guides, and fun videos on Sporcle TV.

Show Comments

Extras

Top Quizzes Today


Score Distribution

Your Account Isn't Verified!

In order to create a playlist on Sporcle, you need to verify the email address you used during registration. Go to your Sporcle Settings to finish the process.

Report this User

Report this user for behavior that violates our Community Guidelines.

Details: